Logo BPK

Biblioteka

Politechniki Koszalińskiej

New ways in teaching grammar / (Rekord nr 48131)

Szczegóły MARC
000 -ETYKIETA REKORDU
podpole kontrolne o stałej długości 00865nam a2200217 i 4500
001 - NUMER KONTROLNY REKORDU
pole kontrolne bgj
020 ## - MIĘDZYNARODOWY ZNORMALIZOWANY NUMER KSIĄŻKI - ISBN
ISBN 0939791560 (pbk)
040 ## - ŹRÓDŁO KATALOGOWANIA
Instytucja, która utworzyła rekord BPK
041 0# - KOD JĘZYKA
Kod języka tekstu eng
920 ## - Międzynarodowy znormalizowany numer książki – ISBN
ISBN 0-939791-56-0 (pbk)
008 - POLE O STAŁEJ DŁUGOŚCI - DANE KONTROLNE
podpole kontrolne o stałej długości s uk f |000 0 eng
245 00 - TYTUŁ/ODPOWIEDZIALNOŚĆ
Tytuł New ways in teaching grammar /
Pozostałe elementy strefy tytułu i oznaczenia odpowiedzialności ed. by Martha C. Pennington.
260 ## - STREFA ADRESU WYDAWNICZEGO
Miejsce wydania Alexandria, Va :
Nazwa wydawcy/dystrybutora Teachers of English to Speakers of Other Languages,
Data publikacji, dystrybucji/powstania dokumentu cop. 1995.
300 ## - STREFA OPISU FIZYCZNEGO
Objętość XVI, 233 pp :
Inne cechy fizyczne fig. ;
Rozmiary 21 cm.
490 1# - STREFA SERII I DOKUMENTU WIELOCZĘŚCIOWEGO - FORMA NIE DO WYSZUKIWANIA
Tytuł i oznaczenie odpowiedzialności serii New ways in TESOL series / Jack C. Richards, series ed.. Innovative classroom techniques
650 #9 - HASŁO PRZEDMIOTOWE W FORMIE NAZWY OGÓLNEJ LUB JEDNOSTKOWEJ
Nazwa ogólna lub geograficzna English language
Określnik ogólny Grammar
-- Study and teaching
-- Foreign speakers
650 #9 - HASŁO PRZEDMIOTOWE W FORMIE NAZWY OGÓLNEJ LUB JEDNOSTKOWEJ
Nazwa ogólna lub geograficzna Activity programmes in education
Określnik ogólny Grammar
700 1# - HASŁO DODATKOWE - NAZWA OSOBOWA
Nazwa osobowa PENNINGTON, Martha C.
Określenie związku między hasłem a opisywanym materiałem ed.
830 #0 - HASŁO DODATKOWE SERII LUB DOKUMENTU WIELOCZĘŚCIOWEGO - TYTUŁ UJEDNOLICONY
Tytuł ujednolicony New ways in TESOL series (Jack C. Richards, series ed.).
Nazwa części/sekcji dzieła Innovative classroom techniques
856 ## - LOKALIZACJA I DOSTĘP DO ELEKTRONICZNYCH DOKUMENTÓW ZDALNYCH
Link (URL) http://koha.tu.koszalin.pl/cgi-bin/koha/opac-detail.pl?biblionumber=48131
Tekst linku Katalog online BPK
942 ## - DODATKOWE ELEMENTY (KOHA)
Typ dokumentu Książka
Egzemplarze
Wycofany Status egzemplarza Uszkodzony Dostępność Lokalizacja stała Lokalizacja bieżąca Miejsce przechowywania Sygnatura Kod kreskowy Typ dokumentu
      Tylko na miejscu Biblioteka Politechniki Koszalińskiej Biblioteka Politechniki Koszalińskiej Czytelnia Wydziałowa ul. Kwiatkowskiego 6e KA 5273 09003330 Książka
© 2023 Biblioteka Politechniki Koszalińskiej :: KOHA